Advanced strenght of materials / (Record no. 147638)

MARC details
000 -LEADER
fixed length control field 00530nam a22001817a 4500
005 - DATE AND TIME OF LATEST TRANSACTION
control field 20171122115108.0
010 ## - LCCN (DPL NO)
LC control number ENG-121539
020 ## - INTERNATIONAL STANDARD BOOK NUMBER
International Standard Book Number 9789325981263
Terms of availability 200.00
035 ## - SYSTEM CONTROL NUMBER
System control number EN-105071
037 ## - SOURCE OF ACQUISITION
Source of stock number/acquisition DBAD/PUB
082 ## - DEWEY DECIMAL CLASSIFICATION NUMBER
Classification number 620.19
100 ## - MAIN ENTRY--PERSONAL NAME
Personal name Bhavikatti, S.S
245 ## - TITLE STATEMENT
Title Advanced strenght of materials /
Statement of responsibility, etc by S.S Bhavikatti
260 ## - PUBLICATION, DISTRIBUTION, ETC. (IMPRINT)
Place of publication, distribution, etc Noida
Name of publisher, distributor, etc Vikas Publishing House
Date of publication, distribution, etc 2015
270 ## - ADDRESS
Address E-28, Sector-8,
City Noida(UP)
Postal code 201301
300 ## - PHYSICAL DESCRIPTION
Extent x,128p. :
Dimensions 25cm(pbk)
Other physical details ill.
942 ## - ADDED ENTRY ELEMENTS (KOHA)
Source of classification or shelving scheme Dewey Decimal Classification
Item type English Books
Classification part 620.19
Call number suffix BHA
Holdings
Withdrawn status Lost status Not for loan Collection code Home library Current library Date acquired Source of acquisition Cost, normal purchase price Full call number Barcode Copy number Cost, replacement price Koha item type
      Non-fiction Shahdara Branch Shahdara Branch 22/11/2017 DBAD/PUB 200.00 620.19 BHA EN-105071 1 200.00 English Books

© Delhi Public Library
Hit Counter
free hit counter